Desarrollo de un modelo integral para el monitoreo del plan estratégico en el grupo ALDESA
Saved in:
| Main Author: | |
|---|---|
| Format: | Book |
| Published: |
[San José, Costa Rica]
2007
|
| Subjects: | |
| Tags: |
Add Tag
No Tags, Be the first to tag this record!
|
MARC
| LEADER | 00000nam a2200000Ia 4500 | ||
|---|---|---|---|
| 003 | 001002 | ||
| 005 | 20221231144105.0 | ||
| 008 | 140114s2007 cr a 000 ||s d | ||
| 040 | |c cru CEDI | ||
| 090 | |a TFG 5529 | ||
| 100 | |a Chaves Araya, Kattia |9 4658 | ||
| 245 | |a Desarrollo de un modelo integral para el monitoreo del plan estratégico en el grupo ALDESA | ||
| 260 | |c 2007 |b [San José, Costa Rica] | ||
| 300 | |a 101, [9] h; ilustraciones a color | ||
| 500 | |a Proyecto de graduación (licenciatura en ingeniería industrial)--Universidad de Costa Rica. Facultad de Ingeniería. | ||
| 650 | |x PLANIFICACION ESTRATEGICA |x GRUPO BURSATIL ALDESA, S.A. (COSTA RICA) |x ADMINISTRACION |x EVALUACION |x CAMBIO ORGANIZACIONAL |x CLIMA ORGANIZATIVO |9 4659 | ||
| 942 | |c TFG | ||
| 999 | |c 16731 |d 16731 | ||
